[Event "Stay Safe Play From Home 236"]
[Site "Emanuel Lasker Arena"]
[Date "2020.06.18"]
[Round "9"]
[White "Lamborghini"]
[Black "SoulofWolf"]
[Result "1/2-1/2"]
[WhiteElo "2299"]
[BlackElo "2141"]
[Annotator "TA"]
[PlyCount "99"]
[EventDate "2020.06.18"]
[EventType "swiss (blitz)"]

{[%evp 11,98,35,35,32,37,18,49,27,27,16,67,44,44,23,28,21,35,23,50,12,59,25,19,8,25,0,0,20,20,0,12,-93,22,11,12,-41,19,18,107,11,11,9,20,0,25,26,75,69,74,-93,83,45,83,22,100,102,170,155,278,258,451,459,445,439,514,385,381,363,468,436,486,487,1465,1340,12793,10806,29984,29985,29990,29991,29993,29992,29993,29994,29995,29995,29995,29995,29996]} 1. e4 Nf6 2. e5 Nd5 3. d4 Nb6 4. a4 a5 5. Nf3 d6 6. Bb5+ c6 7. Be2 {B04: Alekhine's Defence: 4 Nf3.} Bg4 8. O-O {[#]} N8d7 $146 ({Predecessor:} 8... e6 9. Nbd2 N8d7 10. exd6 Bxd6 11. Ne4 Be7 12. Bf4 Nf6 13. Nxf6+ Bxf6 14. c3 O-O {½-½ (58) Pinter,J (2420)-Hammer,P Bucharest 1976}) 9. exd6 {White is slightly better.} exd6 10. h3 Bh5 ({Better is} 10... Bxf3 $11 11. Bxf3 Be7) 11. Re1 {[#] And now Ba6+ would win.} Be7 12. Bd3 O-O 13. Bf4 Nd5 14. Bg3 N7b6 15. c3 Bf6 (15... Bg5 $5) 16. Be2 Qd7 17. Nbd2 Rae8 18. Bd3 Rxe1+ 19. Qxe1 Re8 20. Qf1 Bg6 21. Re1 (21. Bxg6 $11 {remains equal.} hxg6 22. Qd3) 21... Re7 ({Don't play} 21... Nxa4 $6 22. Rxe8+ Qxe8 23. Bxg6 $14) (21... Rxe1 $17 22. Nxe1 Nxa4 23. Bxg6 hxg6) 22. Ne4 Bxe4 23. Bxe4 (23. Rxe4 $11 Nxa4 24. Qa1) 23... g6 (23... Nxa4 $15 24. Bxd5 cxd5 25. Rxe7 Bxe7) 24. Bc2 $11 Qe8 (24... h5 $11) 25. Rxe7 ({White should try} 25. Bxd6 $16 Rxe1 26. Nxe1) 25... Qxe7 26. Qd3 Kg7 27. Kf1 Qe6 28. Qe2 h5 29. Qxe6 fxe6 30. Bh4 $2 {[#]} ({Of course not} 30. Bxd6 $6 Nc4 $11) (30. h4 $16) 30... c5 $2 (30... Nc4 $1 $17 31. b3 Na3 32. Bxf6+ Kxf6) 31. dxc5 dxc5 32. Bg3 (32. Bxf6+ $16 Kxf6 33. Nd2) 32... Ne7 (32... Nc4 $1 $11 {keeps the balance.}) 33. Nd2 $16 {White leaves nothing to chance now.} c4 (33... Ned5 $16 {is a better defense.}) 34. Ne4 $18 Ned5 (34... Nf5 $16) 35. Nd6 e5 $2 (35... Bg5 {keeps fighting.} 36. Nxb7 Bc1 37. Nxa5 Bxb2) 36. Nxb7 h4 37. Bh2 Nf4 38. Bxf4 exf4 39. Nxa5 {[%mdl 4096] Endgame KBN-KBN} Nd5 40. Nc6 f3 41. gxf3 Nf4 (41... Kf7 $142 42. a5 Nc7) 42. a5 {[%cal Ba4a5,Ba5a6,Ba6a7][%mdl 32]} Nxh3 43. a6 Bd8 44. Nxd8 {White mates.} Ng5 45. a7 Nxf3 46. Kg2 Nh2 47. Kxh2 h3 48. Kxh3 g5 49. Kg4 Kh6 50. Ne6 {Accuracy: White = 65%, Black = 29%.} 1/2-1/2

[Event "Stay Safe Play From Home 236"]
[Site "Emanuel Lasker Arena"]
[Date "2020.06.18"]
[Round "9"]
[White "little champs"]
[Black "Aktürk"]
[Result "1-0"]
[WhiteElo "2239"]
[BlackElo "1494"]
[Annotator "TA"]
[PlyCount "61"]
[EventDate "2020.06.18"]
[EventType "swiss (blitz)"]

{[%evp 9,60,43,68,69,82,80,160,161,207,74,79,74,102,97,212,221,897,883,29997,663,906,889,1070,641,909,466,1568,1557,1515,1527,2175,2164,2110,2091,6304,2731,29989,29984,29994,29995,29995,29996,29996,29995,29995,29995,29996,29996,29997,29997,29998,29999,29999]} 1. d4 e6 2. e3 Qe7 ({Predecessor:} 2... f5 3. Bd3 Nf6 4. Nf3 b6 5. O-O Bb7 6. c4 Ne4 7. Ne5 Qh4 8. f4 Be7 9. d5 exd5 10. cxd5 Bxd5 11. Bxe4 Bxe4 12. Nc3 Bc6 13. Nd5 Bd6 14. Nc4 Qh6 {1-0 (34) Pavlovic,M (2536)-Williams,S (2475) Hastings 2008}) 3. Nf3 b6 4. Be2 Bb7 5. O-O h6 6. c4 {A40: Unusual replies to 1 d4.} a6 7. Nc3 Nc6 (7... d5 $142) 8. d5 $16 {White is clearly better.} Nd8 9. dxe6 (9. e4 $18 {and White stays clearly on top.}) 9... Nxe6 10. b3 Qf6 11. Bb2 Qg6 (11... Bb4 $16 12. Qc2 Bxc3 13. Bxc3 Qe7) 12. Nd5 $18 {Ne5 is the strong threat.} c6 $2 (12... d6 13. Nd4 Nxd4) 13. Ne5 {Intending Nc7+! and mate.} Qg5 {[#]} 14. Nxb6 (14. Nc7+ $142 $1 {[%mdl 512]} Ke7 (14... Nxc7 15. Qxd7#) 15. Qxd7+ {[%mdl 64] Double Attack} Kf6 16. Qxf7#) 14... Rd8 15. f4 Qf6 16. Qd2 Bd6 17. Nexd7 Rxd7 (17... Qe7 $142 18. Rad1 Bc7) 18. Bxf6 Nxf6 19. Nxd7 Nxd7 20. Qxd6 Nec5 21. Rad1 g5 {[#]} 22. e4 $1 gxf4 (22... Nxe4 23. Qxd7+) 23. Bg4 {White mates.} Rg8 24. Bxd7+ Nxd7 25. Qxd7+ {[%mdl 64] Double Attack} Kf8 26. Qxb7 Kg7 {[#]} 27. Rd7 $1 Kh7 28. Rxf4 Kh8 29. Rfxf7 {[%csl Gb7,Gd7][%cal Rf7h7]} Rg7 30. Rxg7 {[%cal Rd7d8]} h5 31. Qc8# {Accuracy: White = 44%, Black =  6%.} 1-0

[Event "Stay Safe Play From Home 236"]
[Site "Emanuel Lasker Arena"]
[Date "2020.06.18"]
[Round "9"]
[White "Greblha"]
[Black "NeatFox"]
[Result "1-0"]
[WhiteElo "1960"]
[BlackElo "1729"]
[Annotator "TA"]
[PlyCount "41"]
[EventDate "2020.06.18"]
[EventType "swiss (blitz)"]

{[%evp 9,41,0,12,6,30,28,25,-13,0,-24,-13,-96,-43,-67,-26,-34,0,-35,114,119,297,103,135,13,143,142,29995,29996,29996,1296,29997,29998,29998,29999]} 1. e4 c6 2. d4 d5 3. exd5 cxd5 4. Bd3 e6 5. Ne2 Nc6 6. c3 {[#] B13: Caro-Kann: Exchange Variation and Panov-Botvinnik Attack.} Bd7 $146 ({Predecessor:} 6... g6 7. Nd2 Bg7 8. Nf3 Nge7 9. h4 f6 10. h5 e5 11. h6 Bf8 12. dxe5 fxe5 13. Bc2 Bf5 {1-0 (23) Harikrishna,P (2729)-Ganguly,S (2615) Kolkata 2018}) 7. O-O Bd6 8. Qe1 {White has an edge.} Nf6 9. f3 O-O 10. Ng3 (10. Bg5 $11 {remains equal.}) 10... Qc7 ({Black should try} 10... e5 $17 11. Be3 a6) 11. Qf2 b6 12. Re1 Na5 13. Bg5 Nc4 (13... Ne8 $15 {keeps the upper hand.}) 14. Bxf6 $16 gxf6 $2 {[#]} (14... Bxg3 $16 15. hxg3 gxf6) 15. Bxc4 $2 (15. Nh5 $1 $18 {aiming for Qh4.} f5 16. b3 (16. Qh4 f6 $16)) 15... dxc4 (15... Qxc4 16. Nh5 $18) 16. Ne4 (16. Nh5 $16 {Qh4 is the strong threat.} f5 17. Qh4) 16... f5 ({Not} 16... Bxh2+ $2 17. Kh1 $18) (16... Be7 $1 $11 {keeps the balance.}) 17. Nf6+ Kh8 $2 {[%mdl 8192] [#]} (17... Kg7 $16) 18. Qh4 $1 {[%csl Gf6][%cal Rh4h7][%mdl 512]} Kg7 19. Qg5+ Kh8 {[#]} 20. Qh6 $1 {[%csl Gf6][%cal Rh6h7][%mdl 512]} Bxh2+ 21. Kh1 {Accuracy: White = 56%, Black = 38%.} 1-0

[Event "Stay Safe Play From Home 236"]
[Site "Emanuel Lasker Arena"]
[Date "2020.06.18"]
[Round "9"]
[White "Souchov"]
[Black "BrainThinker22"]
[Result "0-1"]
[WhiteElo "1872"]
[BlackElo "2295"]
[Annotator "NA RC"]
[PlyCount "76"]
[EventDate "2020.06.18"]
[EventType "swiss (blitz)"]

1. e4 {[%emt 0:00:03]} d5 {[%emt 0:00:02]} 2. exd5 {[%emt 0:00:03]} Qxd5 {[%emt 0:00:00]} 3. Nc3 {[%emt 0:00:01]} Qd6 {[%emt 0:00:00]} 4. g3 {[%emt 0:00:01]} Nf6 {[%emt 0:00:00]} 5. Bg2 {[%emt 0:00:01]} a6 {[%emt 0:00:00]} 6. Nge2 {[%emt 0:00:01]} Nc6 {[%emt 0:00:01]} 7. d4 {[%emt 0:00:01]} Bg4 {[%emt 0:00:01]} 8. Bf4 {[%emt 0:00:01]} Qd7 {[%emt 0:00:00]} 9. O-O {[%emt 0:00:01]} e6 {[%emt 0:00:01]} 10. Qd2 {[%emt 0:00:02]} Bb4 {[%emt 0:00:01]} 11. Rad1 {[%emt 0:00:01]} O-O {[%emt 0:00:01]} 12. h3 {[%emt 0:00:01]} Bh5 {[%emt 0:00:02]} 13. g4 {[%emt 0:00:01]} Bg6 {[%emt 0:00:01]} 14. a3 {[%emt 0:00:03]} Bxc3 {[%emt 0:00:01]} 15. Qxc3 {[%emt 0:00:01]} Nd5 {[%emt 0:00:01]} 16. Qd2 {[%emt 0:00:03]} Nxf4 {[%emt 0:00:04]} 17. Nxf4 {[%emt 0:00:00]} Rad8 {[%emt 0:00:01]} 18. c3 {[%emt 0:00:02]} b6 {[%emt 0:00:03]} 19. Nd3 {[%emt 0:00:04]} f6 {[%emt 0:00:03]} 20. Nf4 {[%emt 0:00:04]} e5 {[%emt 0:00:02]} 21. Nxg6 {[%emt 0:00:02]} hxg6 {[%emt 0:00:00]} 22. d5 {[%emt 0:00:02]} Ne7 {[%emt 0:00:01]} 23. c4 {[%emt 0:00:01]} Qd6 {[%emt 0:00:00]} 24. b4 {[%emt 0:00:04]} c6 {[%emt 0:00:01]} 25. Qc3 {[%emt 0:00:03]} cxd5 {[%emt 0:00:01]} 26. cxd5 {[%emt 0:00:01]} Rc8 {[%emt 0:00:01]} 27. Qb3 {[%emt 0:00:01]} Rfd8 {[%emt 0:00:01]} 28. Rc1 {[%emt 0:00:01]} Kh7 {[%emt 0:00:02]} 29. Rxc8 {[%emt 0:00:01]} Rxc8 {[%emt 0:00:00]} 30. h4 {[%emt 0:00:00]} b5 {[%emt 0:00:01]} 31. h5 {[%emt 0:00:01]} gxh5 {[%emt 0:00:01]} 32. Be4+ {[%emt 0:00:01]} Kg8 {[%emt 0:00:01]} 33. gxh5 {[%emt 0:00:01]} f5 {[%emt 0:00:00]} 34. Bg2 {[%emt 0:00:01]} e4 {[%emt 0:00:01]} 35. Qb2 {[%emt 0:00:02]} Qxd5 {[%emt 0:00:01]} 36. Rd1 {[%emt 0:00:00]} Qxd1+ {[%emt 0:00:01]} 37. Kh2 {[%emt 0:00:00]} Qxh5+ {[%emt 0:00:00]} 38. Kg1 {[%emt 0:00:02]} Qg6 {[%emt 0:00:01] Temps (Lag: Av=0.72s, max=3.6s)} 0-1

[Event "Stay Safe Play From Home 236"]
[Site "Emanuel Lasker Arena"]
[Date "2020.06.18"]
[Round "9"]
[White "Tartak"]
[Black "Lazieri3"]
[Result "0-1"]
[WhiteElo "1725"]
[BlackElo "2129"]
[Annotator "TA"]
[PlyCount "112"]
[EventDate "2020.06.18"]
[EventType "swiss (blitz)"]

{[%evp 9,111,6,12,7,8,0,12,14,26,-447,-439,-549,-542,-539,-543,-545,-539,-579,-577,-599,-597,-608,-580,-604,-600,-619,-582,-749,-755,-895,-887,-867,-867,-861,-859,-845,-845,-823,-834,-822,-815,-987,-984,-1412,-1278,-29981,-29982,-29988,-29989,-29991,-29992,-29992,-29990,-29991,-29985,-29985,-29986,-29986,-29987,-29987,-29988,-29988,-29988,-29988,-29988,-29988,-29986,-29986,-29987,-29987,-27999,-27999,-27999,-27999,-27999,-27999,-27999,-27999,-27999,-27999,-27999,-27999,-27999,-27999,-27999,-27999,-27999,-27999,-27999,-27999,-27999,-27999,-27999,-27999,-27999,-27999,-27999,-27999,-27998,-27999,-27998,-27999,-27999,-27999]} 1. d4 c6 2. Nf3 d5 3. e3 Nf6 4. Bd3 Bg4 5. b3 e6 6. Nbd2 {D04: Colle System.} Bd6 7. Bb2 {[#]} Qe7 $146 ({Predecessor:} 7... Nbd7 8. h3 Bh5 9. Qe2 Qe7 10. g4 Bg6 11. Ne5 Ba3 12. Bxa3 Qxa3 13. Nxd7 Nxd7 {0-1 (33) Morales Gonzalez,R (1900)-Fuentes Godoy,L (2098) Villa Tehuelches 2019}) 8. O-O {The position is equal.} Ba3 9. Qe1 $2 {[%mdl 8192]} (9. Bxa3 $11 Qxa3 10. e4) 9... Bxb2 $19 10. Ne5 Bxa1 11. Qxa1 Bh5 12. f4 Nbd7 13. Ndf3 Nxe5 14. fxe5 Ne4 15. Bxe4 dxe4 16. Nd2 Bg6 17. c4 O-O 18. Qc3 f6 19. d5 exd5 20. cxd5 Qxe5 21. Qxe5 fxe5 22. dxc6 bxc6 23. Rc1 Rad8 24. Nc4 Rf6 25. Nxe5 Rd2 26. Nxc6 Rff2 27. Ne7+ Kf7 {Black mates.} 28. Nxg6 Rxg2+ 29. Kf1 Kxg6 {[%mdl 4096] Endgame} 30. Rc6+ {[#]} Kf7 $1 31. Rd6 Rxd6 32. Kxg2 {KR-KP} Rd2+ 33. Kg3 Rxa2 {KR-K3P} 34. Kf4 Rb2 35. Kxe4 Rxb3 {KR-KPP} 36. Kd4 Rb2 37. h4 Rh2 38. e4 Rxh4 39. Kd5 {[#]} Rxe4 $1 40. Kxe4 {KP-KP} a5 41. Kd4 h5 42. Kc4 h4 43. Kb5 h3 44. Kxa5 h2 45. Kb5 h1=Q 46. Kc5 Qd1 47. Kc6 g5 48. Kc5 g4 49. Kc4 g3 50. Kc3 g2 51. Kc4 g1=Q 52. Kb5 Qe3 53. Kc4 Qec1+ 54. Kb4 Qd4+ 55. Kb5 Qcb2+ 56. Ka6 Qbb6# {White got outplayed after the opening. Accuracy: White = 66%, Black = 76%.} 0-1

[Event "Stay Safe Play From Home 236"]
[Site "Emanuel Lasker Arena"]
[Date "2020.06.18"]
[Round "9"]
[White "Klasman"]
[Black "Haxhi Baha"]
[Result "0-1"]
[WhiteElo "1243"]
[BlackElo "1984"]
[Annotator "TA"]
[PlyCount "52"]
[EventDate "2020.06.18"]
[EventType "swiss (blitz)"]

{[%evp 9,52,22,57,29,40,27,40,31,31,16,46,-12,49,-59,-60,-136,-155,-285,-142,-155,-140,-143,-95,-147,-162,-160,-126,-136,-128,-849,-408,-1041,-179,-1122,-1122,-1118,-1118,-1009,-989,-1500,-1489,-1511,-1434,-1207,-1180]} 1. f4 e5 2. fxe5 d6 3. Nf3 Bg4 4. e4 dxe5 5. Bc4 f6 6. d3 {[#] A02: Bird's Opening.} Bc5 $146 ({Predecessor:} 6... Nc6 7. h3 Bh5 8. O-O Bc5+ 9. Kh1 Qd7 10. Qd2 Bxf3 11. Rxf3 Nd4 12. Rg3 g6 {0-1 (22) Baumgartner,C (871)-Dalnodar,M (1388) Linz 2013}) 7. c3 Ne7 8. b4 {White is slightly better.} Bb6 9. a4 a6 10. Ba3 (10. h3 $14 Bh5 11. a5) 10... Nbc6 (10... Qd7 $1 $11) 11. b5 (11. h3 $14 Bh5 12. Nbd2) 11... Na5 $15 {Hoping for ...axb5.} 12. Bxe7 (12. Ba2 $15) 12... Qxe7 13. bxa6 (13. Nbd2 $17 {might work better.}) 13... bxa6 $40 {[%mdl 128] Black wants a kill.} ({Resist} 13... Qc5 14. Qe2 $17) (13... Nxc4 $19 {is more deadly.} 14. axb7 Rd8) 14. Nbd2 $17 Nxc4 ({But not} 14... Qc5 15. Rf1 $17) 15. Nxc4 Bc5 16. Kd2 (16. Qe2 $142) 16... O-O 17. h3 Bh5 18. g4 Bf7 {[#] White must now prevent ...Bxc4.} 19. h4 $2 {[%mdl 8192] Now White is beyond hope.} (19. Kc2 $17) 19... Rfd8 (19... Bxc4 $142 20. Ne1 Rfd8) 20. Kc2 (20. Ne3 $142 Rab8 21. Rb1) 20... Rab8 $2 (20... Bxc4 21. dxc4 Rxd1 22. Rhxd1 Qe6 {[%mdl 64] Double Attack}) 21. g5 $2 (21. Qe2) 21... Bxc4 $19 {Black is clearly winning.} 22. dxc4 Rxd1 23. Rhxd1 {[#]} f5 $1 24. exf5 e4 25. Nd4 Qe5 26. Rab1 Re8 {Accuracy: White = 38%, Black = 43%.} 0-1